[Event "NCA-ch sf"]
[Site "Managua"]
[Date "2022.02.12"]
[Round "1"]
[White "Ulloa Diaz, Felipe Josue"]
[Black "Quintanilla, Marvin"]
[Result "1-0"]
[WhiteElo "1548"]
[BlackElo "1921"]
[PlyCount "87"]
[EventDate "2022.02.12"]
[EventType "swiss"]
[EventRounds "9"]
[EventCountry "NCA"]
[SourceTitle "EXT 2023"]
[Source "ChessBase"]
[SourceDate "2022.10.05"]
[SourceVersion "1"]
[SourceVersionDate "2022.10.05"]
[SourceQuality "1"]

1. e4 c6 2. d4 d5 3. exd5 cxd5 4. Nf3 Nf6 5. Nc3 Nc6 6. Be2 Bg4 7. 0-0 e6 8. Be3 Bd6 9. a3 Rc8 10. Qd2 0-0 11. Rac1 Na5 12. Bg5 Nc4 13. Bxc4 Rxc4 14. Ne5 Rxc3 15. Qxc3 Be2 16. Rfe1 Ba6 17. Re3 h6 18. Bxf6 gxf6 19. Ng4 Bf4 20. Rce1 f5 21. Rf3 Bd6 22. Ne5 Kh7 23. Rh3 Qg5 24. Nf3 Qg6 25. Ne5 Qg5 26. Qf3 Bb5 27. Rh5 Qg7 28. Qb3 Be8 29. Rh3 f6 30. Nf3 Rg8 31. Nh4 Qf7 32. Qe3 Qg7 33. Qxe6 Bb8 34. Qxf5+ Kh8 35. Qxd5 Bc6 36. Qf5 Bxg2 37. Rg3 Bxg3 38. hxg3 Bc6 39. Qf4 Bd7 40. Nf5 Bxf5 41. Qxf5 Qf7 42. d5 Rg5 43. Qe6 Qg7 44. Qe8+ 1-0

[Event "NCA-ch Fase 2"]
[Site "Managua"]
[Date "2022.01.23"]
[Round "3"]
[White "Ulloa Diaz, Felipe Josue"]
[Black "Medrano Barrera, Jenny Ariadna"]
[Result "1-0"]
[WhiteElo "1548"]
[BlackElo "1154"]
[PlyCount "63"]
[EventDate "2022.01.22"]
[EventType "swiss"]
[EventRounds "9"]
[EventCountry "NCA"]
[SourceTitle "CBM 207 Extra"]
[Source "ChessBase"]
[SourceDate "2022.05.31"]
[SourceVersion "1"]
[SourceVersionDate "2022.05.31"]
[SourceQuality "1"]

1. e4 e6 2. d4 d5 3. exd5 exd5 4. Bd3 Nf6 5. Nf3 Be7 6. 0-0 Bg4 7. Be3 Nbd7 8. Nbd2 0-0 9. c3 Re8 10. Qc2 Rc8 11. Ne5 c5 12. Nxg4 Nxg4 13. Bxh7+ Kh8 14. Bf5 Ngf6 15. Nf3 Ng8 16. Ne5 Nxe5 17. Bxc8 Nf3+ 18. gxf3 Qxc8 19. Kg2 Nh6 20. Rh1 Nf5 21. h4 cxd4 22. Bf4 Kg8 23. Bg3 Bf6 24. Rae1 Rxe1 25. Rxe1 dxc3 26. bxc3 Nxh4+ 27. Bxh4 Bxh4 28. Qa4 Bd8 29. Qe8+ Kh7 30. Qxf7 Bg5 31. Re6 Qd8 32. Qg6+ 1-0

[Event "Managua Gomez Argenal Memorial"]
[Site "Managua"]
[Date "2020.06.07"]
[Round "3"]
[White "Espinoza Solano, Jose Nahum"]
[Black "Ulloa Diaz, Felipe Josue"]
[Result "1-0"]
[WhiteElo "2184"]
[BlackElo "1454"]
[PlyCount "87"]
[EventDate "2020.06.06"]
[EventType "swiss"]
[EventRounds "9"]
[EventCountry "NCA"]
[SourceTitle "CBM 197 Extra"]
[Source "ChessBase"]
[SourceDate "2020.09.30"]
[SourceVersion "1"]
[SourceVersionDate "2020.09.30"]
[SourceQuality "1"]

1. e4 e5 2. Nf3 Nc6 3. Bc4 Bc5 4. 0-0 d6 5. c3 Bg4 6. d3 Nf6 7. Nbd2 0-0 8. h3 Bh5 9. a4 a5 10. Re1 h6 11. Nf1 Qe7 12. Ng3 Rad8 13. Nf5 Qd7 14. g4 Bg6 15. N3h4 Kh7 16. Qf3 Ng8 17. Be3 Bxe3 18. Nxe3 Nce7 19. Nhf5 Bxf5 20. gxf5 Nf6 21. Rad1 c6 22. d4 exd4 23. Rxd4 c5 24. Bb5 Nc6 25. Rdd1 Ne5 26. Qg2 Qe7 27. f4 Ned7 28. Nc4 Nh5 29. Qf3 Qh4 30. Nxd6 Nxf4 31. Kh2 Ne5 32. Qg3 Qxg3+ 33. Kxg3 Nfd3 34. Nxb7 Rb8 35. Bxd3 Rxb7 36. Bb5 c4 37. Rd4 Rc7 38. Re2 h5 39. Kf4 f6 40. Red2 Kh6 41. Rd8 Rxd8 42. Rxd8 Nd3+ 43. Kg3 Nxb2 44. Rh8+ 1-0